[Event "European Blitz-ch 2018"]
[Site "Skopje"]
[Date "2018.12.06"]
[Round "10"]
[White "Van Foreest, Jorden"]
[Black "Kevlishvili, Robby"]
[Result "1/2-1/2"]
[WhiteElo "2614"]
[BlackElo "2451"]
[Annotator "TA"]
[PlyCount "154"]
[EventDate "2018.12.06"]
[EventType "swiss"]
[EventCountry "MKD"]

1. d4 d5 2. Bf4 c5 3. e3 cxd4 4. exd4 Nc6 5. c3 f6 6. Nf3 g5 7. Be3 Bf5 8. Nbd2 Qd7 9. Nb3 e6 10. Bd3 Bxd3 11. Qxd3 Bd6 12. a3 Nge7 13. c4 dxc4 14. Qxc4 Nd5 15. O-O b6 16. Rac1 Rc8 17. Nfd2 Nce7 18. Qe2 Kf7 19. Ne4 Rxc1 20. Rxc1 Ng6 21. Qb5 Rd8 22. Qxd7+ Rxd7 23. g3 Nge7 24. Bd2 Bb8 25. Kf1 h6 26. Ke2 Rd8 27. Rc2 Nf5 28. Nc3 Nxc3+ 29. Bxc3 Ne7 30. Bd2 Nd5 31. Nc1 Kg6 32. Nd3 Ne7 33. Bb4 Nf5 34. Bc3 Rxd4 35. Nb4 Rd7 36. Nc6 Bd6 37. Rd2 Kf7 38. g4 Ne7 39. Nxa7 Nd5 40. Nb5 Bxh2 41. Bd4 Kg6 42. Rc2 e5 43. Be3 h5 44. gxh5+ Kxh5 45. Rc6 f5 46. Bxb6 Rb7 47. Nd6 Rxb6 48. Rxb6 Nxb6 49. Nxf5 Nc4 50. a4 Kg6 51. Ne7+ Kf7 52. Nc6 Nxb2 53. a5 Na4 54. Kd3 Nc5+ 55. Kc4 Na6 56. Kd5 Kf6 57. Ke4 Bf4 58. Kd5 Bd2 59. Kc4 Nc7 60. Kd3 Be1 61. Ke2 Bc3 62. Kd3 Bb2 63. Ke4 Ke6 64. Nd8+ Ke7 65. Nc6+ Kd6 66. Nd8 Bc3 67. Nf7+ Ke7 68. Nxg5 Kf6 69. Nf3 Ne6 70. Nh2 Nc5+ 71. Kd5 Nd3 72. Ng4+ Kf5 73. a6 Nb4+ 74. Kc4 Bd4 75. Nxe5 Kxe5 76. Kxb4 Bxf2 77. a7 Bxa7 1/2-1/2

[Event "European Blitz-ch 2018"]
[Site "Skopje"]
[Date "2018.12.06"]
[Round "10"]
[White "Georgiev, Kiril"]
[Black "Lobanov, Sergei"]
[Result "0-1"]
[WhiteElo "2595"]
[BlackElo "2526"]
[Annotator "TA"]
[PlyCount "76"]
[EventDate "2018.12.06"]
[EventType "swiss"]
[EventCountry "MKD"]

1. c4 e5 2. Nc3 Nc6 3. Nf3 Nf6 4. g3 d5 5. cxd5 Nxd5 6. Bg2 Nb6 7. O-O Be7 8. Rb1 O-O 9. b4 a6 10. a3 Re8 11. d3 Bf8 12. Nd2 Nd4 13. e3 Nb5 14. Qc2 c6 15. Bb2 Bg4 16. Nde4 Qc8 17. Rfe1 Bh3 18. Bh1 h6 19. Nc5 Nxc3 20. Bxc3 Nd7 21. Ne4 f5 22. Nd2 Nf6 23. Nc4 Qc7 24. Qb2 Nd7 25. a4 b5 26. Na5 Kh7 27. Bxc6 Rac8 28. axb5 axb5 29. Rbc1 Qd6 30. Bh1 Nb6 31. Qe2 Nd5 32. Ba1 Nxb4 33. d4 e4 34. Qxb5 Nd3 35. Rxc8 Rxc8 36. Rb1 Rc2 37. Qb3 Qc7 38. Bb2 Rxb2 0-1

[Event "European Blitz-ch 2018"]
[Site "Skopje"]
[Date "2018.12.06"]
[Round "10"]
[White "Esipenko, Andrey"]
[Black "Radovanovic, Nikola"]
[Result "0-1"]
[WhiteElo "2593"]
[BlackElo "2418"]
[PlyCount "63"]
[EventDate "2018.12.06"]
[EventType "swiss"]
[EventCountry "MKD"]

1. d4 Nf6 2. Bf4 g6 3. Nc3 d5 4. e3 Bg7 5. h4 h6 6. Nf3 c6 7. Be2 Nbd7 8. Ne5 Nxe5 9. Bxe5 O-O 10. Qd2 Ne4 11. Nxe4 Bxe5 12. dxe5 dxe4 13. O-O-O Be6 14. Qb4 Qb6 15. Qxe4 Bxa2 16. b3 Bxb3 17. cxb3 Qxb3 18. Qc2 Qb6 19. e6 f5 20. h5 g5 21. Rd7 Qa5 22. Kb2 Qe5+ 23. Kb1 Rfe8 24. g4 a5 25. Qxf5 Qc3 26. Qg6+ Kh8 27. Qxh6+ Kg8 28. Qxg5+ Kh8 29. Qh6+ Kg8 30. Qg6+ Kh8 31. Qc2 Qb4+ 32. Qb2+ 0-1

[Event "European Blitz-ch 2018"]
[Site "Skopje"]
[Date "2018.12.06"]
[Round "10"]
[White "Stevic, Hrvoje"]
[Black "Marjanovic, Dejan"]
[Result "1-0"]
[WhiteElo "2587"]
[BlackElo "2400"]
[Annotator "TA"]
[PlyCount "38"]
[EventDate "2018.12.06"]
[EventType "swiss"]
[EventCountry "MKD"]

1. e4 c5 2. c3 Nf6 3. e5 Nd5 4. Nf3 e6 5. Bc4 d6 6. d4 cxd4 7. cxd4 Be7 8. O-O Bd7 9. Bxd5 exd5 10. exd6 Bxd6 11. Re1+ Be7 12. Qb3 Nc6 13. Bg5 O-O 14. Bxe7 Nxe7 15. Qxb7 Rb8 16. Qxa7 Rxb2 17. Qa3 Qb8 18. Qxe7 Bg4 19. Nbd2 Bc8 1-0

[Event "European Blitz-ch 2018"]
[Site "Skopje"]
[Date "2018.12.06"]
[Round "10"]
[White "Stocek, Jiri"]
[Black "Banikas, Hristos"]
[Result "0-1"]
[WhiteElo "2576"]
[BlackElo "2601"]
[Annotator "TA"]
[PlyCount "77"]
[EventDate "2018.12.06"]
[EventType "swiss"]
[EventCountry "MKD"]

1. d4 Nf6 2. Nf3 e6 3. Bf4 c5 4. e3 Nc6 5. c3 Nh5 6. Bg5 Qb6 7. Qc2 h6 8. Bh4 g5 9. Bg3 Nxg3 10. hxg3 Bg7 11. Nbd2 d5 12. Nb3 cxd4 13. exd4 Qc7 14. Bd3 b6 15. a3 Bd7 16. Rc1 a5 17. Qd1 Qd6 18. Nbd2 Rc8 19. Nf1 g4 20. Ng1 e5 21. dxe5 Nxe5 22. Ne2 d4 23. Ba6 Ra8 24. cxd4 Rxa6 25. dxe5 Qxd1+ 26. Rxd1 Bxe5 27. Nd4 b5 28. Ne3 Rd6 29. Nef5 Bxf5 30. Nxf5 Rxd1+ 31. Kxd1 Bxb2 32. Nd6+ Kd7 33. Nxb5 a4 34. Kc2 Be5 35. Rd1+ Ke6 36. Nd4+ Kf6 37. Ne2 Rc8+ 38. Kd3 Rb8 39. Ke4 0-1

[Event "European Blitz-ch 2018"]
[Site "Skopje"]
[Date "2018.12.06"]
[Round "10"]
[White "Djukic, Nikola"]
[Black "Moroni, Luca Jr"]
[Result "0-1"]
[WhiteElo "2574"]
[BlackElo "2564"]
[Annotator "TA"]
[PlyCount "152"]
[EventDate "2018.12.06"]
[EventType "swiss"]
[EventCountry "MKD"]

1. e4 e5 2. Nf3 Nc6 3. Bb5 a6 4. Ba4 Nf6 5. O-O b5 6. Bb3 Bc5 7. a4 Rb8 8. d3 d6 9. c3 O-O 10. Bg5 h6 11. Bh4 Bb6 12. axb5 axb5 13. Na3 b4 14. Nc4 bxc3 15. bxc3 Be6 16. Rb1 Kh7 17. Nfd2 g5 18. Bg3 Bc5 19. Bc2 Kg7 20. Ne3 Rxb1 21. Qxb1 h5 22. h4 Ng4 23. Nxg4 Bxg4 24. Nc4 gxh4 25. Bh2 Qg5 26. Qc1 Qg6 27. Ne3 h3 28. g3 Ne7 29. Bd1 f5 30. exf5 Nxf5 31. Nxg4 hxg4 32. Qd2 Nh6 33. d4 exd4 34. cxd4 Bb6 35. f3 Qf6 36. Be2 Qxd4+ 37. Qxd4+ Bxd4+ 38. Kh1 gxf3 39. Bxf3 Ng4 40. Bg1 Bxg1 41. Kxg1 Ne5 42. Be2 Rxf1+ 43. Bxf1 Nf3+ 44. Kf2 h2 45. Bg2 Ne5 46. Be4 Kf6 47. Kg2 Ng4 48. Bf3 Kg5 49. Bc6 Kf6 50. Bf3 Kf5 51. Bc6 Kg5 52. Bf3 Ne5 53. Be4 c5 54. Kxh2 c4 55. Kg2 Kf6 56. Kf2 Ke6 57. Ke3 d5 58. Bg2 Nc6 59. Kf4 c3 60. Bh3+ Kd6 61. Ke3 d4+ 62. Kd3 Kc5 63. Bf5 Nb4+ 64. Ke2 Kd5 65. g4 Ke5 66. Bg6 Kf4 67. Bf5 Ke5 68. Bg6 Nd5 69. Bf5 Ne3 70. Bc8 c2 71. Kd2 d3 72. Ba6 Nf1+ 73. Kc1 Kd4 74. g5 Kc3 75. Bxd3 Kxd3 76. g6 Ng3 0-1

[Event "European Blitz-ch 2018"]
[Site "Skopje"]
[Date "2018.12.06"]
[Round "10"]
[White "Brkic, Ante"]
[Black "Galopoulos, Nikolaos"]
[Result "1-0"]
[WhiteElo "2563"]
[BlackElo "2356"]
[Annotator "TA"]
[PlyCount "49"]
[EventDate "2018.12.06"]
[EventType "swiss"]
[EventCountry "MKD"]

1. e4 c5 2. Nf3 d6 3. d4 cxd4 4. Nxd4 Nf6 5. Nc3 a6 6. a3 e6 7. g4 Be7 8. g5 Nfd7 9. h4 b5 10. Be3 Bb7 11. Qd2 Ne5 12. Be2 Qc7 13. f4 Nc4 14. Bxc4 Qxc4 15. f5 Qc8 16. Rf1 Nc6 17. Nxc6 Bxc6 18. O-O-O Qb7 19. Qf2 b4 20. axb4 Qxb4 21. Rd4 Qa5 22. fxe6 fxe6 23. Qf7+ Kd7 24. Rxd6+ Kxd6 25. Rd1+ 1-0

[Event "European Blitz-ch 2018"]
[Site "Skopje"]
[Date "2018.12.06"]
[Round "10"]
[White "Jankovic, Alojzije"]
[Black "Uruci, Besim"]
[Result "1/2-1/2"]
[WhiteElo "2557"]
[BlackElo "2137"]
[Annotator "TA"]
[PlyCount "43"]
[EventDate "2018.12.06"]
[EventType "swiss"]
[EventCountry "MKD"]

1. d4 Nf6 2. Nf3 d5 3. g3 c6 4. Bg2 Bf5 5. O-O Nbd7 6. Nbd2 e6 7. Ne5 Bd6 8. Ndf3 O-O 9. h3 Be4 10. c3 Qc7 11. Bf4 h6 12. Nxd7 Nxd7 13. Bxd6 Qxd6 14. Qb3 b5 15. a4 a6 16. Rfe1 Nb6 17. a5 Nc4 18. Qa2 Qc7 19. b3 Nd6 20. Bf1 Bxf3 21. exf3 c5 22. b4 1/2-1/2

[Event "European Blitz-ch 2018"]
[Site "Skopje"]
[Date "2018.12.06"]
[Round "10"]
[White "Dimitrov, Radoslav"]
[Black "Nenezic, Marko"]
[Result "1/2-1/2"]
[WhiteElo "2534"]
[BlackElo "2515"]
[Annotator "TA"]
[PlyCount "35"]
[EventDate "2018.12.06"]
[EventType "swiss"]
[EventCountry "MKD"]

1. c4 Nf6 2. Nc3 g6 3. g3 Bg7 4. Bg2 O-O 5. d3 d6 6. h3 e5 7. e4 c6 8. Nge2 a6 9. O-O b5 10. a3 Nbd7 11. Be3 Bb7 12. b4 d5 13. cxd5 cxd5 14. exd5 Nb6 15. Bxb6 Qxb6 16. Qb3 Rfd8 17. a4 bxa4 18. Nxa4 1/2-1/2

[Event "European Blitz-ch 2018"]
[Site "Skopje"]
[Date "2018.12.06"]
[Round "10"]
[White "Popov, Valerij"]
[Black "Polivanov, Anatoliy"]
[Result "1-0"]
[WhiteElo "2532"]
[BlackElo "2374"]
[Annotator "TA"]
[PlyCount "90"]
[EventDate "2018.12.06"]
[EventType "swiss"]
[EventCountry "MKD"]

1. Nf3 e6 2. c4 f5 3. g3 Nf6 4. Bg2 Be7 5. O-O O-O 6. d4 Ne4 7. Nfd2 d5 8. Nxe4 dxe4 9. Nc3 Nc6 10. e3 e5 11. d5 Nb4 12. Rb1 Nd3 13. Bd2 a5 14. Qe2 Ra6 15. Kh1 Rh6 16. a3 g5 17. g4 fxg4 18. Nxe4 Nc5 19. Bxa5 Bf5 20. Nxc5 Bxb1 21. Nxb7 Qe8 22. Rxb1 Qh5 23. h3 Qh4 24. Kg1 gxh3 25. Bh1 h2+ 26. Kf1 Rhf6 27. f4 exf4 28. e4 g4 29. e5 Rf5 30. Qe4 Qh3+ 31. Ke1 f3 32. d6 f2+ 33. Kd2 Bg5+ 34. Kc2 f1=Q 35. Rxf1 Qxf1 36. dxc7 Rf4 37. Qd5+ Kh8 38. Bc3 Rxc4 39. Qd6 Qf2+ 40. Kb3 g3 41. Kxc4 Qf1+ 42. Kb3 Qb5+ 43. Ka2 Qe8 44. e6+ Bf6 45. Bc6 Qg6 1-0

[Event "European Blitz-ch 2018"]
[Site "Skopje"]
[Date "2018.12.06"]
[Round "10"]
[White "Demidov, Mikhail"]
[Black "Guseinov, Gadir"]
[Result "0-1"]
[WhiteElo "2520"]
[BlackElo "2664"]
[Annotator "TA"]
[PlyCount "48"]
[EventDate "2018.12.06"]
[EventType "swiss"]
[EventCountry "MKD"]

1. d4 Nf6 2. Bg5 e6 3. e4 h6 4. Bxf6 Qxf6 5. c3 b6 6. Bd3 Bb7 7. Nd2 c5 8. Ne2 Nc6 9. Nf3 cxd4 10. cxd4 Bb4+ 11. Kf1 g5 12. h3 Be7 13. a3 h5 14. e5 Qg7 15. Be4 g4 16. Nd2 Ba6 17. Kg1 Rc8 18. Rc1 Bg5 19. Nc4 Bxc1 20. Nd6+ Ke7 21. Nxc1 g3 22. Nxc8+ Rxc8 23. Bxc6 Rxc6 24. Ne2 Bxe2 0-1

[Event "European Blitz-ch 2018"]
[Site "Skopje"]
[Date "2018.12.06"]
[Round "10"]
[White "Potapov, Pavel"]
[Black "Nikcevic, Nebojsa"]
[Result "0-1"]
[WhiteElo "2516"]
[BlackElo "2434"]
[Annotator "TA"]
[PlyCount "94"]
[EventDate "2018.12.06"]
[EventType "swiss"]
[EventCountry "MKD"]

1. e4 e5 2. Nf3 Nf6 3. Nxe5 d6 4. Nc4 Nxe4 5. Qe2 Qe7 6. d3 Nf6 7. Nc3 Qxe2+ 8. Bxe2 Be6 9. Nb5 Na6 10. Bf4 Kd7 11. O-O-O Ne8 12. d4 c6 13. Nc3 Nb4 14. Rhe1 Nc7 15. Bg3 Be7 16. a3 Nbd5 17. Ne4 Ne8 18. h3 f5 19. Ned2 Nec7 20. Bf3 f4 21. Bh2 g5 22. Ne4 h5 23. Be2 Raf8 24. Bd3 Rhg8 25. Ncd2 g4 26. hxg4 hxg4 27. c4 Nf6 28. c5 d5 29. Nd6 g3 30. fxg3 fxg3 31. Bg1 Bxd6 32. cxd6 Kxd6 33. Nf3 Bg4 34. Be3 Ne6 35. Bh6 Re8 36. Bc2 Bxf3 37. gxf3 Nh5 38. Bf5 Nef4 39. Bg4 Rxe1 40. Rxe1 g2 41. Kd2 Rh8 42. Bg5 Re8 43. Rg1 Re2+ 44. Kc3 Rf2 45. Bh4 Rf1 46. Rxg2 Nxg2 47. Bxh5 Nxh4 0-1

[Event "European Blitz-ch 2018"]
[Site "Skopje"]
[Date "2018.12.06"]
[Round "10"]
[White "Ruck, Robert"]
[Black "Navara, David"]
[Result "0-1"]
[WhiteElo "2512"]
[BlackElo "2736"]
[Annotator "TA"]
[PlyCount "78"]
[EventDate "2018.12.06"]
[EventType "swiss"]
[EventCountry "MKD"]

1. Nf3 Nf6 2. g3 d5 3. Bg2 c6 4. O-O Bg4 5. c4 Bxf3 6. Bxf3 e6 7. d3 Nbd7 8. Nd2 h5 9. h3 Bd6 10. Bg2 Ne5 11. Qb3 Qc7 12. d4 Nxc4 13. Nxc4 dxc4 14. Qxc4 h4 15. g4 a6 16. Bd2 O-O 17. Rac1 Rae8 18. f4 Nd5 19. e3 Qd8 20. e4 Nc7 21. Be3 Be7 22. Qb3 Nb5 23. Rfd1 Nd6 24. e5 Nb5 25. a4 Nc7 26. Qxb7 Nd5 27. Bxd5 Qxd5 28. Qxc6 Qb3 29. Qc3 Qxa4 30. Qc4 Qa5 31. Ra1 Qb6 32. Rxa6 Qxb2 33. Ra2 Qb7 34. d5 Rc8 35. Qd3 exd5 36. Qxd5 Qb8 37. Bf2 Rc3 38. Qg2 Qb3 39. Bd4 Qxd1+ 0-1

[Event "European Blitz-ch 2018"]
[Site "Skopje"]
[Date "2018.12.06"]
[Round "10"]
[White "Ivic, Velimir"]
[Black "Sanal, Vahap"]
[Result "0-1"]
[WhiteElo "2497"]
[BlackElo "2490"]
[Annotator "TA"]
[PlyCount "62"]
[EventDate "2018.12.06"]
[EventType "swiss"]
[EventCountry "MKD"]

1. e4 e5 2. Nf3 Nc6 3. Bb5 a6 4. Ba4 Nf6 5. O-O Nxe4 6. d4 b5 7. Bb3 d5 8. dxe5 Be6 9. Nbd2 Be7 10. c3 O-O 11. Bc2 f5 12. Nb3 Qd7 13. Nbd4 Nd8 14. a4 b4 15. Nxe6 Nxe6 16. c4 d4 17. Ne1 N4c5 18. f4 Rab8 19. Rf3 Rfd8 20. b3 d3 21. Bxd3 Qd4+ 22. Be3 Qc3 23. Bd2 Qxb3 24. Bc2 Qxc4 25. Bxf5 Qd4+ 26. Rf2 Nxf4 27. Qg4 Qxa1 28. Qxf4 Qd4 29. Qf3 Qxe5 30. Qh5 g6 31. Qg4 Rxd2 0-1

[Event "European Blitz-ch 2018"]
[Site "Skopje"]
[Date "2018.12.06"]
[Round "10"]
[White "Milanovic, Danilo"]
[Black "Perunovic, Milos"]
[Result "1/2-1/2"]
[WhiteElo "2494"]
[BlackElo "2597"]
[Annotator "RC"]
[PlyCount "27"]
[EventDate "2018.12.06"]
[EventType "swiss"]
[EventCountry "MKD"]

1. d4 d5 2. c4 c6 3. Nf3 Nf6 4. e3 e6 5. b3 c5 6. Bd3 cxd4 7. exd4 Bb4+ 8. Nbd2 Nc6 9. Bb2 Ne4 10. O-O Nxd2 11. Nxd2 O-O 12. Nf3 Be7 13. Rc1 Nb4 14. Bb1 1/2-1/2

[Event "European Blitz-ch 2018"]
[Site "Skopje"]
[Date "2018.12.06"]
[Round "10"]
[White "Zajic, Milan"]
[Black "Saveliev, Alexei"]
[Result "0-1"]
[WhiteElo "2488"]
[BlackElo "2360"]
[Annotator "TA"]
[PlyCount "140"]
[EventDate "2018.12.06"]
[EventType "swiss"]
[EventCountry "MKD"]

1. e4 c5 2. Nf3 e6 3. d4 cxd4 4. Nxd4 a6 5. c4 Qc7 6. Nc3 Nf6 7. a3 Be7 8. Be2 b6 9. Be3 Bb7 10. f3 O-O 11. Rc1 d6 12. O-O Nbd7 13. b4 Rac8 14. Qd2 Qb8 15. Rfd1 Rfe8 16. Kh1 Qa8 17. Bf1 Qb8 18. Nb3 Ba8 19. Rc2 Red8 20. Qf2 Re8 21. Qd2 Red8 22. Qf2 Re8 23. Rdc1 Bd8 24. Bf4 Bc7 25. Rd1 Nh5 26. Be3 Nhf6 27. Bf4 Nh5 28. Be3 Nhf6 29. Qg1 h5 30. Rcd2 h4 31. Bf4 h3 32. Bxd6 hxg2+ 33. Qxg2 Bxd6 34. Rxd6 Ne5 35. c5 bxc5 36. Nxc5 a5 37. Na6 Qb7 38. Nc5 Qb8 39. Na6 Qb7 40. Nc5 Qb8 41. R6d4 axb4 42. axb4 Nc6 43. Na6 Qb7 44. Nc5 Qe7 45. Rc4 Nxb4 46. N3a4 Nc6 47. Nb6 Rb8 48. Nba4 Ne5 49. Rc3 Bc6 50. Rdc1 Ba8 51. Na6 Rbd8 52. Nc7 Rf8 53. Nb6 Bb7 54. Nb5 Qb4 55. Be2 Ba6 56. Nc7 Bxe2 57. Qxe2 Qxb6 58. Nb5 Rb8 59. Rb3 Qd8 60. Rg1 Ng6 61. f4 Nxf4 62. Qf2 Ng6 63. Qf3 e5 64. Qf5 Qd7 65. Qf1 Qe6 66. Rb2 Nf4 67. Rf2 Qa6 68. Rb2 Rb6 69. Qe1 Rxb5 70. Qg3 Ng6 0-1

[Event "European Blitz-ch 2018"]
[Site "Skopje"]
[Date "2018.12.06"]
[Round "10"]
[White "Dvirnyy, Danyyil"]
[Black "Putka, Verners"]
[Result "0-1"]
[WhiteElo "2485"]
[BlackElo "2307"]
[Annotator "TA"]
[PlyCount "90"]
[EventDate "2018.12.06"]
[EventType "swiss"]
[EventCountry "MKD"]

1. Nf3 Nf6 2. c4 c5 3. Nc3 b6 4. g3 Bb7 5. Bg2 e6 6. O-O Be7 7. Re1 O-O 8. e4 d6 9. d4 cxd4 10. Nxd4 Qc8 11. b3 a6 12. Bb2 Nbd7 13. Qe2 Re8 14. Rac1 Bf8 15. h3 Nc5 16. Qd2 Qc7 17. f4 Rad8 18. Qe3 e5 19. fxe5 dxe5 20. Nf5 Nd3 21. Nd5 Nxd5 22. cxd5 Nxc1 23. Rxc1 Qd7 24. Qxb6 Bxd5 25. Rc7 Qe6 26. Qe3 Ba8 27. Bf1 Rd1 28. Kf2 Rxf1+ 29. Kxf1 g6 30. Qg5 Bxe4 31. Ne3 Qxh3+ 32. Ke2 Qh2+ 33. Ke1 Qxb2 34. Qf6 Qb1+ 35. Kf2 Qxa2+ 36. Kg1 Qb1+ 37. Kf2 Qb2+ 38. Ke1 Bb4+ 39. Kf1 Be7 40. Rxe7 Rxe7 41. Qxe7 Qd4 42. Qg5 f6 43. Qxf6 Qd3+ 44. Kf2 Qd2+ 45. Kf1 Bd3+ 0-1

[Event "European Blitz-ch 2018"]
[Site "Skopje"]
[Date "2018.12.06"]
[Round "10"]
[White "Dragnev, Valentin"]
[Black "Bosiocic, Marin"]
[Result "1-0"]
[WhiteElo "2483"]
[BlackElo "2599"]
[Annotator "TA"]
[PlyCount "59"]
[EventDate "2018.12.06"]
[EventType "swiss"]
[EventCountry "MKD"]

1. d4 Nf6 2. c4 e6 3. Nf3 b6 4. e3 d5 5. Bd3 Bd6 6. O-O O-O 7. b3 Bb7 8. Bb2 Nbd7 9. Nbd2 Ne4 10. cxd5 exd5 11. Rc1 f5 12. Ne5 Bxe5 13. dxe5 Ndc5 14. Bb1 f4 15. exf4 Rxf4 16. b4 Ne6 17. Nxe4 dxe4 18. a3 Qe8 19. Ba2 Rc8 20. Qb3 Kf7 21. Rfd1 Rg4 22. Qxe6+ Qxe6 23. Rd7+ Ke8 24. Bxe6 Rg5 25. Rdxc7 Rxc7 26. Rxc7 e3 27. Rxb7 e2 28. Bc3 Rxe5 29. Bf7+ Kf8 30. Be1 1-0

[Event "European Blitz-ch 2018"]
[Site "Skopje"]
[Date "2018.12.06"]
[Round "10"]
[White "Beerdsen, Thomas"]
[Black "Loginov, Valery A"]
[Result "1-0"]
[WhiteElo "2477"]
[BlackElo "2478"]
[Annotator "TA"]
[PlyCount "87"]
[EventDate "2018.12.06"]
[EventType "swiss"]
[EventCountry "MKD"]

1. e4 c5 2. Nf3 Nc6 3. c3 d5 4. exd5 Qxd5 5. d4 e6 6. Na3 Nf6 7. Be2 cxd4 8. Nb5 Qd8 9. Nbxd4 Bd7 10. O-O Nxd4 11. Nxd4 Be7 12. Bf3 Qc7 13. Qb3 Rb8 14. Nb5 Qb6 15. a4 Bc6 16. Be3 Bc5 17. Nd6+ Ke7 18. Qxb6 axb6 19. Nc4 Bxf3 20. gxf3 Nd5 21. Rfd1 Rhd8 22. Bxc5+ bxc5 23. Na5 Rdc8 24. Rd2 Rc7 25. Re1 Kf6 26. Nc4 g5 27. Nd6 h6 28. a5 Rc6 29. Nc4 b5 30. Ne5 Rc7 31. h4 c4 32. hxg5+ hxg5 33. Kg2 Ra8 34. Ng4+ Kg6 35. Ra1 Nf4+ 36. Kg1 Nd3 37. Rxd3 cxd3 38. Ne5+ Kf5 39. Nxd3 Rca7 40. b4 Rc7 41. Nc5 Kf4 42. Kg2 f5 43. Nxe6+ Ke5 44. Nxc7 1-0

[Event "European Blitz-ch 2018"]
[Site "Skopje"]
[Date "2018.12.06"]
[Round "10"]
[White "Belyakov, Bogdan"]
[Black "Lagarde, Maxime"]
[Result "1-0"]
[WhiteElo "2459"]
[BlackElo "2616"]
[PlyCount "107"]
[EventDate "2018.12.06"]
[EventType "swiss"]
[EventCountry "MKD"]

1. e4 c5 2. c3 e6 3. d4 d5 4. exd5 exd5 5. Nf3 Nc6 6. Bb5 Bd6 7. O-O Nge7 8. Be3 c4 9. b3 cxb3 10. axb3 O-O 11. Nbd2 Nf5 12. Re1 Nxe3 13. Rxe3 Bg4 14. h3 Bh5 15. Qf1 Bf4 16. Ree1 Rc8 17. Bxc6 Rxc6 18. c4 dxc4 19. bxc4 Bxd2 20. Nxd2 Qxd4 21. Ne4 Bg6 22. Rad1 Qxc4 23. Qxc4 Rxc4 24. Nd6 Rb4 25. Re7 a5 26. Nxb7 a4 27. Nc5 Rb5 28. Nxa4 h5 29. Nc3 Rc5 30. Ne2 h4 31. Nf4 Bf5 32. Ra7 g6 33. Re1 Rc4 34. Nd5 Be6 35. Nf6+ Kg7 36. Rxe6 Rc1+ 37. Kh2 Rb8 38. Nd5 Rbb1 39. g4 Rh1+ 40. Kg2 Rbg1+ 41. Kf3 Rxh3+ 42. Ke2 Rhh1 43. Rf6 Kh6 44. Rfxf7 Re1+ 45. Kf3 Re5 46. Nf4 Rb1 47. Rh7+ Kg5 48. Nh3+ Kf6 49. Ra6+ Re6 50. g5+ Ke5 51. Rxe6+ Kxe6 52. Rxh4 Kf5 53. Rf4+ Ke5 54. Rf6 1-0

[Event "European Blitz-ch 2018"]
[Site "Skopje"]
[Date "2018.12.06"]
[Round "10"]
[White "Stojanovski, Dejan"]
[Black "Gouloutis, Nikolaos"]
[Result "1-0"]
[WhiteElo "2430"]
[BlackElo "2353"]
[Annotator "TA"]
[PlyCount "123"]
[EventDate "2018.12.06"]
[EventType "swiss"]
[EventCountry "MKD"]

1. d4 e6 2. Nf3 Nf6 3. Bf4 c5 4. e3 b6 5. c3 Bb7 6. Nbd2 cxd4 7. exd4 d6 8. Bd3 Be7 9. Qe2 Nbd7 10. h3 a6 11. a4 O-O 12. O-O Re8 13. Ne4 Nxe4 14. Bxe4 Bxe4 15. Qxe4 Qc7 16. Rfe1 Bf8 17. Bg3 Nf6 18. Qd3 Rec8 19. Nd2 Qb7 20. Bh4 Nd5 21. Qf3 b5 22. axb5 axb5 23. Ne4 h6 24. Bg3 Rxa1 25. Rxa1 Ra8 26. Re1 Ra2 27. Bxd6 Rxb2 28. Bxf8 Kxf8 29. Nc5 Qa8 30. Nxe6+ Kg8 31. Nc5 Ra2 32. Re5 Nb6 33. Qxa8+ Rxa8 34. Ne4 Ra5 35. Nd6 Ra1+ 36. Kh2 Na4 37. Nxb5 Rc1 38. Re3 Nb6 39. Re5 Na4 40. Re3 g5 41. d5 Rd1 42. c4 Nc5 43. d6 Kg7 44. Re5 Ne6 45. c5 Kf6 46. Re3 Nxc5 47. Rc3 Ne4 48. Rf3+ Ke6 49. Re3 f5 50. f3 Rb1 51. Nc3 Rb3 52. fxe4 fxe4 53. Rxe4+ Kxd6 54. Re3 Kd7 55. Nd5 Rb5 56. Nf6+ Kd6 57. Ne4+ Kd7 58. Ng3 Rb6 59. Re4 Rc6 60. Nf5 Ra6 61. Re7+ Kd8 62. Rh7 1-0

[Event "European Blitz-ch 2018"]
[Site "Skopje"]
[Date "2018.12.06"]
[Round "10"]
[White "Tejedor Fuente, Enrique"]
[Black "Ivanisevic, Ivan"]
[Result "1-0"]
[WhiteElo "2428"]
[BlackElo "2603"]
[Annotator "TA"]
[PlyCount "161"]
[EventDate "2018.12.06"]
[EventType "swiss"]
[EventCountry "MKD"]

1. e4 e5 2. Nf3 Nf6 3. Nc3 d6 4. Bc4 Be7 5. O-O c6 6. a3 O-O 7. h3 d5 8. Ba2 dxe4 9. Nxe5 Qd4 10. Nc4 Be6 11. Ne2 Qd7 12. Nf4 Bf5 13. Ne3 Bd6 14. Nxf5 Qxf5 15. Ne2 Nbd7 16. d4 exd3 17. cxd3 Rfe8 18. Nd4 Qg6 19. Nf3 Ne5 20. Nxe5 Bxe5 21. d4 Bc7 22. Be3 Rxe3 23. fxe3 Qg3 24. Qf3 Qh2+ 25. Kf2 Re8 26. Rh1 Qd6 27. Bb1 g6 28. Rd1 Nd5 29. e4 Ne7 30. Ba2 Rf8 31. e5 Qd7 32. Kg1 Bb6 33. Kh1 Nf5 34. d5 Qe7 35. Re1 cxd5 36. Bxd5 Kg7 37. Rad1 Rc8 38. Be4 Nd4 39. Qf6+ Qxf6 40. exf6+ Kxf6 41. Bxb7 Rc2 42. Rf1+ Kg5 43. Rxf7 Ne2 44. Bf3 Ng3+ 45. Kh2 Nf5 46. Rxh7 Rxb2 47. Re1 Bf2 48. Rd1 Bg3+ 49. Kh1 Bf4 50. Re1 Ng3+ 51. Kg1 Nf5 52. Rd7 Be3+ 53. Kh2 Bf4+ 54. Kg1 Be3+ 55. Kh2 Bf4+ 56. Kh1 Bg3 57. Red1 a5 58. a4 Bf2 59. R7d5 Kf4 60. Bg4 Ne3 61. R5d4+ Kg3 62. R4d3 Kf4 63. Rd4+ Kg3 64. R4d3 Kf4 65. Rc1 Ke4 66. Rd7 Nxg4 67. hxg4 Rb8 68. g3 Kf3 69. Rc3+ Ke2 70. Kg2 Rb2 71. Rdc7 Bb6 72. Rc2+ Rxc2 73. Rxc2+ Kd3 74. Rc6 Bd4 75. Rxg6 Kc4 76. g5 Kb4 77. Rd6 Bc3 78. g6 Kxa4 79. Rd7 Kb3 80. g7 Bxg7 81. Rb7+ 1-0

[Event "European Blitz-ch 2018"]
[Site "Skopje"]
[Date "2018.12.06"]
[Round "10"]
[White "Arsovic, Zoran"]
[Black "Saric, Ante"]
[Result "1-0"]
[WhiteElo "2422"]
[BlackElo "2533"]
[Annotator "TA"]
[PlyCount "119"]
[EventDate "2018.12.06"]
[EventType "swiss"]
[EventCountry "MKD"]

1. Nf3 Nf6 2. c4 e6 3. g3 d5 4. Bg2 dxc4 5. Qa4+ Bd7 6. Qxc4 c5 7. Ne5 Qc8 8. Qd3 Nc6 9. Nxd7 Qxd7 10. Qxd7+ Kxd7 11. O-O Rc8 12. Nc3 Be7 13. d3 Rhd8 14. Be3 Ke8 15. Rfc1 b6 16. Nb5 Rd7 17. h3 Nd5 18. Bd2 Bf6 19. Rab1 a6 20. Nc3 Nd4 21. Kf1 Rcc7 22. Na4 Rd6 23. e3 Nb5 24. Ke2 Bd8 25. Nc3 Ra7 26. Nxd5 exd5 27. b4 c4 28. dxc4 dxc4 29. Rxc4 Na3 30. Re4+ Kd7 31. Rc1 b5 32. Rf4 Bf6 33. Be4 Nc4 34. Be1 Ke7 35. Bd3 Nb2 36. Bb1 Rad7 37. Bf5 Ra7 38. h4 g6 39. Bb1 Rad7 40. Bc2 Kf8 41. Rxf6 Rxf6 42. Bc3 Rfd6 43. Bxb2 Rd2+ 44. Ke1 f5 45. Bd4 R7xd4 46. exd4 Rxd4 47. a3 Rc4 48. Kd2 f4 49. Bd3 Rd4 50. Rc8+ Kg7 51. Rc7+ Kh8 52. Ke2 fxg3 53. fxg3 Rg4 54. Kf3 Rd4 55. Be4 Rd1 56. Ra7 Rf1+ 57. Kg2 Rf6 58. Bb7 Rf7 59. Ra8+ Kg7 60. Bxa6 1-0

[Event "European Blitz-ch 2018"]
[Site "Skopje"]
[Date "2018.12.06"]
[Round "10"]
[White "Zavgorodniy, Sergiy"]
[Black "Jirovsky, Milos"]
[Result "1/2-1/2"]
[WhiteElo "2420"]
[BlackElo "2448"]
[Annotator "RC"]
[PlyCount "61"]
[EventDate "2018.12.06"]
[EventType "swiss"]
[EventCountry "MKD"]

1. Nf3 Nf6 2. c4 d6 3. g3 e5 4. Bg2 Be7 5. O-O O-O 6. Nc3 c6 7. d3 h6 8. Rb1 Be6 9. b4 Nbd7 10. b5 d5 11. bxc6 bxc6 12. Nd2 Qa5 13. Bb2 Rab8 14. Qa4 Qxa4 15. Nxa4 Rb4 16. Nc3 Rfb8 17. Ba1 Rxb1 18. Rxb1 Rxb1+ 19. Ncxb1 Kf8 20. Kf1 Bd6 21. Nc3 a6 22. Na4 Ke7 23. h4 Bb4 24. Bc3 Bxc3 25. Nxc3 Kd6 26. cxd5 cxd5 27. Ke1 Kc5 28. a3 d4 29. Nce4+ Nxe4 30. Nxe4+ Kb5 31. Nd6+ 1/2-1/2